| 000 | 004710000a22001810004500 | ||
|---|---|---|---|
| 003 | MACL | ||
| 005 | 20151021115101.0 | ||
| 008 | 151021b xxu||||| |||| 00| 0 eng d | ||
| 040 |
_aMACL _cMACL |
||
| 041 | _aEnglish | ||
| 082 | _a954/SEN | ||
| 100 |
_aSen, Prabodhchandra _916138 |
||
| 245 | _aBengal A Historiographical Quest | ||
| 260 |
_bInternational Centre For Bengal Studies _c1995 _aCalcutta |
||
| 350 | _a120 | ||
| 650 |
_aHistory _916139 |
||
| 942 |
_cBK _k954 _2ddc |
||
| 999 |
_c2716 _d2716 |
||